Visionary leadership in a turbulent world : thriving in the new VUCA context /

Bibliographic Details
Other Authors: Elkington, Rob, (Editor)
Format: eBook
Language:English
Published: Bingley, England : Emerald Publishing, 2017.
Subjects:
Online Access:Click to View
LEADER 01808nam a2200421 i 4500
001 EBC4734071
003 MiAaPQ
005 20200520144314.0
006 m o d |
007 cr cnu||||||||
008 170712t20172017enka ob 001 0 eng d
020 |z 9781787142435 
020 |a 9781787142428 (e-book) 
020 |z 9781787149144 (Epub) 
035 |a (MiAaPQ)EBC4734071 
035 |a (Au-PeEL)EBL4734071 
035 |a (CaPaEBR)ebr11399943 
035 |a (CaONFJC)MIL1015838 
035 |a (OCoLC)990802672 
040 |a MiAaPQ  |b eng  |e rda  |e pn  |c MiAaPQ  |d MiAaPQ 
050 4 |a HD57.7  |b .V575 2017 
082 0 |a 658.4092  |2 23 
245 0 0 |a Visionary leadership in a turbulent world :  |b thriving in the new VUCA context /  |c edited by Rob Elkington [and three others]. 
264 1 |a Bingley, England :  |b Emerald Publishing,  |c 2017. 
264 4 |c 2017 
300 |a 1 online resource (261 pages) :  |b illustrations, tables 
336 |a text  |2 rdacontent 
337 |a computer  |2 rdamedia 
338 |a online resource  |2 rdacarrier 
504 |a Includes bibliographical references at the end of each chapters and index. 
588 |a Description based on online resource; title from PDF title page (ebrary, viewed July 12, 2017). 
590 |a Electronic reproduction. Ann Arbor, MI : ProQuest, 2016. Available via World Wide Web. Access may be limited to ProQuest affiliated libraries. 
650 0 |a Leadership. 
655 4 |a Electronic books. 
700 1 |a Elkington, Rob,  |e editor. 
776 0 8 |i Print version:  |t Visionary leadership in a turbulent world : thriving in the new VUCA context.  |d Bingley, England : Emerald Publishing, c2017   |h xv, 261 pages   |z 9781787142435 
797 2 |a ProQuest (Firm) 
856 4 0 |u https://ebookcentral.proquest.com/lib/matrademy/detail.action?docID=4734071  |z Click to View